| 000 | 01525cam a22004451a 4500 | ||
|---|---|---|---|
| 001 | sjds796115 | ||
| 003 | sjds | ||
| 005 | 20180417211105.0 | ||
| 008 | 050407t20052005nyua j 000 0 spa | ||
| 010 | _a 2005925438 | ||
| 020 | _a0375833080 | ||
| 020 | _a9780375833083 | ||
| 035 | _a305904 | ||
| 035 | _a(OCoLC)61287816 | ||
| 035 | _a305904 | ||
| 040 |
_aDLC _cDLC _dDLC _dUtOrBLW |
||
| 041 | 0 |
_aspa _aeng |
|
| 099 | _a423 KES | ||
| 100 | 1 | _aKest, Kristin. | |
| 245 | 1 | 0 |
_a500 palabras nuevas para ti / _cillustrated by Kristin Kest. |
| 246 | 3 | _aQuinientos palabras nuevas para ti | |
| 250 | _aFirst edition. | ||
| 260 |
_aNew York, NY : _bRandom House, _cc2005 |
||
| 264 | 1 |
_aNew York, NY : _bRandom House, _c[2005] |
|
| 264 | 4 | _cc2005 | |
| 300 |
_a1 volume (unpaged) : _bcolor illustrations ; _c21 cm. |
||
| 336 |
_atext _btxt _2rdacontent |
||
| 337 |
_aunmediated _bn _2rdamedia |
||
| 338 |
_avolume _bnc _2rdacarrier |
||
| 490 | 1 | _aA Random House pictureback book | |
| 490 | 1 | _aPlease read to me | |
| 650 | 0 |
_aSpanish language _xVocabulary _vJuvenile literature. |
|
| 650 | 0 |
_aSpanish language _vTextbooks for foreign speakers _xEnglish _vJuvenile literature. |
|
| 710 | 2 | _aRandom House (Firm) | |
| 830 | 0 | _aRandom House pictureback book. | |
| 830 | 0 | _aPlease read to me. | |
| 856 | 4 | 2 |
_3Publisher description _uhttp://www.loc.gov/catdir/enhancements/fy0628/2005925438-d.html |
| 856 | 4 | 2 |
_3Publisher description _uhttp://www.loc.gov/catdir/enhancements/fy0628/2005925438-d.html |
| 942 |
_cBK _2ddc |
||
| 999 |
_c19433 _d19433 |
||